Highest Grossing Movies (2014) Quiz Stats

Quiz Updated Jan 30, 2016

Challenge
Share
Tweet
Score 0/30 Timer 08:00
3 Plays Today
% Correct
The LEGO Movie
97.3%
The Hunger Games: Mockingjay - Part 1
91.7%
American Sniper
90.9%
Godzilla
90.4%
Teenage Mutant Ninja Turtles
90.2%
Guardians of the Galaxy
88.4%
22 Jump Street
84.5%
How to Train Your Dragon 2
84.5%
Maleficent
81.5%
Night at the Museum: Secret of the Tomb
81.4%
Captain America: The Winter Soldier
79.8%
Big Hero 6
79.1%
Transformers: Age of Extinction
78.9%
Dawn of the Planet of the Apes
73.9%
The Amazing Spider-Man 2
73.6%
% Correct
Interstellar
73.5%
Gone Girl
70.9%
Rio 2
69.6%
The Fault in Our Stars
68%
The Maze Runner
67%
Divergent
66.3%
Neighbors
64.1%
Ride Along
61.4%
The Hobbit: The Battle of the Five Armies
59.7%
Lucy
56.6%
Into the Woods
52.4%
X-Men: Days of Future Past
47.4%
Mr. Peabody & Sherman
35.5%
Unbroken
33%
300: Rise of An Empire
26.7%

You're not logged in!

Compare scores with friends on all Sporcle quizzes.
Sign Up with Email
OR
Log In

You Might Also Like...

Show Comments

Extras

Top Quizzes Today


Score Distribution

Your Account Isn't Verified!

In order to create a playlist on Sporcle, you need to verify the email address you used during registration. Go to your Sporcle Settings to finish the process.